Statistics for Greys Anatomy Quiz

Click here to take the quiz!

General Stats

  • This quiz has been taken 942 times
  • The average score is 4 of 9

Answer Stats

Hint Answer % Correct
What do the interns nickname Derek Shepherd in season 1?McDreamy
96%
What was George O'Malley's nickname?007
80%
How many sisters does Derek have?4
68%
What was the name of Meredith's dog?Doc
41%
What field does Addison Montgomery practice medicine in?Neonatal surgery
40%
Who does Denny Duquette propose to shortly before his death?Isobel Stevens
26%
What are the names of Meredith and Derek's children?Zola, Bailey and Ellis
13%
Who was the only official couple on Greys Anatomy in season 2?Cristina and Preston
12%
Who died in the plane crash in season 8?Mark Sloan and Lexie Grey
11%

Score Distribution

Percentile by Number Answered

Percent of People with Each Score

Your Score History

You have not taken this quiz